LDR 00781naa#a2200181#i#450# 001 EN\FGKOU VO SPBU MVD ROSSII\bibl\124875 005 20260704220318.6 011 ## _a2227-7226 100 ## _a20260630b2026####ek#y0engy0150####ca 102 ## _aRU 200 1# _aThe «gender war» as an information threat to the self-preservation and self-reproduction of the multinational people of the Russian Federation _eJournal article 210 1# _aSt. Petersburg _cSAINT-PETERSBURG UNIVERSITY OF THE MINISTRY OF INTERNAL AFFAIRS OF THE RUSSIAN FEDERATION _d2026 215 ## _a6 с. 608 ## _aJournal article _2local 675 ## _aАдминистративное право. 342.9 _z 700 #1 _aMelikhov _gAleksandr Ivanovich 700 #1 _aKapitanec _gYuliya Vladimirovna 856 4# _arussianjournaldeviantbehavior.ru _u